000 00872caa a22002417a 4500
999 _c410459
_d410459
001 123404
003 UA-OsUOA
005 20191217185343.0
007 ta
008 20170614b un ||||| |||| 00| 0 ukr d
040 _aUA-OsUOA
_bukr
_cUA-OsUOA
_dUA-OsUOA
041 _aukr
080 _a908
090 _a908
_bР83
100 _aРуй О.
245 _aЖиття і служіння архієпископа Симона (Івановського Семена Васильовича)
_cО. Руй
300 _aС. 137–143
650 7 _a908 Краєзнавство
_2UDC
773 0 _0360162
_9384710
_dОстрог Острозька друкарня 2010
_o131370
_tОстрозький краєзнавчий збірник
_w(UA-OsUOA) 73867
942 _cBKA
_2udc
955 _a1